00634nam a2200181 i 450000100060000000300090000600500170001500700030003200800410003510000260007624500810010226000430018330000220022670000330024885200320028199900170031395201220033071097ES-MaACL20230906171023.0t|040805s1970 sp ||||1| spa d1 aGatti, Enrico.95597310aCómo vender bienes de equipo / cpor Enrico Gatti ; traductor, M. Poblete. aMadrid : bIbérico Europea, c[1970] a179 p. ; c21 cm.1 aPoblete Ruiz, Manuel.992692 aES-MaACLjC-46909 bR.74160 c71097d71097 00104070aATENEOMbATENEOMcDEPO2d2008-01-17eSCl0oC-46909p1074445r2023-02-23 00:00:00w2023-02-23yMONOGRAFIA